Bologna FC Squad 2020-2021 - Statistics

General Stats
  • This quiz has been taken 30 times
    15 since last reset
  • The average score is 22 of 34
Answer Stats
# Position Nation Player % Correct
11 FW Denmark Andreas Skov Olsen
92%
9 FW Paraguay Federico Santander
92%
17 MF Chile Gary Medel
92%
15 DF Senegal Ibrahima Mbaye
92%
28 GK Poland Łukasz Skorupski
92%
7 FW Italy Riccardo Orsolini
92%
1 GK Brazil Angelo da Costa
83%
23 DF Brazil Danilo
83%
30 MF Netherlands Jerdy Schouten
83%
32 MF Sweden Mattias Svanberg
83%
99 FW Gambia Musa Barrow
83%
10 FW Italy Nicola Sansone
83%
8 MF Argentina Nicolás Domínguez
83%
14 DF Japan Takehiro Tomiyasu
83%
3 DF Scotland Aaron Hickey
75%
5 DF France Adama Soumaoro
75%
29 DF Italy Lorenzo De Silvestri
75%
35 DF Netherlands Mitchell Dijks
75%
21 MF Italy Roberto Soriano
75%
24 FW Argentina Rodrigo Palacio
75%
- Coach Serbia Siniša Mihajlović
75%
16 MF Italy Andrea Poli
67%
34 GK Italy Federico Ravaglia
67%
80 FW Gambia Musa Juwara
67%
6 DF Argentina Nehuén Paz
67%
4 DF Netherlands Stefano Denswil
50%
18 MF Iceland Andri Fannar Baldursson
42%
55 FW Italy Emanuel Vignato
42%
26 DF Bulgaria Valentin Antov
33%
33 DF Italy Arturo Calabresi
17%
22 MF Nigeria Kingsley Michael
17%
20 GK Canada Sebastian Breza
17%
63 FW Italy Edoardo Vergani
8%
43 MF Italy Paolo Faragò
8%
No matching quizzes found
Score Distribution
Percent of People with Each Score
Percentile by Number Answered
Your Score History
You have not taken this quiz since the last reset